[Event "NED-chT 1415"]
[Site "Netherlands"]
[Date "2015.04.11"]
[Round "8.10"]
[White "Van Dorp, Quirinius"]
[Black "Schoppen, Casper"]
[Result "0-1"]
[WhiteElo "2174"]
[BlackElo "1973"]
[PlyCount "106"]
[EventDate "2014.09.27"]
[EventType "team-tourn"]
[EventRounds "9"]
[EventCountry "NED"]
[SourceTitle "EXT 2016"]
[Source "ChessBase"]
[SourceDate "2015.10.08"]
[SourceVersion "1"]
[SourceVersionDate "2015.10.08"]
[SourceQuality "1"]
[WhiteTeam "Leiden LSG"]
[BlackTeam "Utrecht"]
[WhiteTeamCountry "NED"]
[BlackTeamCountry "NED"]

1. e4 e5 2. Nf3 Nc6 3. Bb5 a6 4. Ba4 Nf6 5. 0-0 Be7 6. Re1 b5 7. Bb3 d6 8. c3 0-0 9. h3 Na5 10. Bc2 c5 11. d4 Qc7 12. Nbd2 Rd8 13. d5 c4 14. Nf1 Nb7 15. a4 Bd7 16. Bd2 Nc5 17. axb5 axb5 18. Qe2 Ra7 19. Rxa7 Qxa7 20. g4 Qa2 21. Bc1 Nb3 22. Bxb3 Qxb3 23. N3d2 Qa4 24. Ne3 g6 25. Rf1 Ne8 26. f4 exf4 27. Rxf4 Bg5 28. Rf2 Nf6 29. Nef1 Qc2 30. Nxc4 Qxe2 31. Rxe2 Bxc1 32. Nxd6 Bf4 33. Nb7 Re8 34. Nc5 Bc8 35. Nd3 Bc7 36. Nd2 Nxd5 37. Kf2 Nf4 38. Nxf4 Bxf4 39. Nb3 Bb7 40. Nd4 Rxe4 41. Rxe4 Bxe4 42. Nxb5 Bd3 43. Nd4 Bc1 44. b3 Kf8 45. c4 Ke7 46. c5 Kd7 47. h4 Ba3 48. Ke3 Bf1 49. Kf2 Bh3 50. c6+ Kc8 51. Kg3 Bf1 52. Nc2 Bb2 53. Kf4 f6 0-1